| 000 | 01298nam a22002297a 4500 | ||
|---|---|---|---|
| 999 |
_c59361 _d59361 |
||
| 003 | Ge_BSU | ||
| 005 | 20230130154520.0 | ||
| 008 | 230130s2002 ge ||||| |||| 00| 0 geo d | ||
| 020 | _a9992881887 | ||
| 041 | _ageo | ||
| 080 | _a342.732 ს-54 | ||
| 245 |
_aსიტყვის თავისუფლება / _cთარგმ.: ქეთევან როინიშვილი, ირმა ხვედელიძე ; რედ. ირაკლი სესიაშვილი ; [წინასიტყვ. თინათინ ხიდაშელი]. |
||
| 264 |
_aთბილისი : _bსაია, _c2002. |
||
| 300 |
_a332 გვ. ; _b20 სმ. |
||
| 490 |
_aახალგაზრდა იურისტის ბიბლიოთეკა ; _v2 |
||
| 653 | _aსიტყვის თავისუფლება. | ||
| 700 |
_aროინიშვილი, ქეთევან _eმთარგმნელი _916822 |
||
| 700 |
_aხვედელიძე, ირმა _eმთარგმნელი _916823 |
||
| 700 |
_aსესიაშვილი, ირაკლი _eრედაქტორი _9936 |
||
| 700 |
_aხიდაშელი, თინათინ _eწინასიტყვაობა _916824 |
||
| 942 |
_2udc _cBK |
||